000 00325nam a2200133Ia 4500
008 200103s9999||||xx |||||||||||||| ||und||
040 _aIMU-MPC
082 _aColumn-23
100 _aKelley, John L.
245 0 _aAlgebra A modern introduction
260 _bD. Van Nostrand Company
_c1965
300 _aviii, 335
942 _cBK
999 _c6812
_d6812